Zahraničná migrácia a nevyhnutnosť harmonizácie migračnej štatistiky na európskej úrovni
Dôvody migrácie obyvateľstva a migračné toky. Spoločná európska migračná politika. Dôležitosť a prínos harmonizovaných štatistických údajov. Harmonizácia migračnej štatistiky v podmienkach krajín Európskeho spoločenstva a v národných podmienkach.
Gespeichert in:
| 1. Verfasser: | |
|---|---|
| Format: | Buchkapitel |
| Sprache: | Slowakisch |
| Schlagworte: | |
| Tags: |
Keine Tags, Fügen Sie das erste Tag hinzu!
|
MARC
| LEADER | 00000naa$a2200000$$$4500 | ||
|---|---|---|---|
| 001 | 0064579 | ||
| 005 | 20220715094113.0 | ||
| 041 | 0 | |a slo | |
| 044 | |a SK | ||
| 245 | 1 | 0 | |a Zahraničná migrácia a nevyhnutnosť harmonizácie migračnej štatistiky na európskej úrovni |c Mária Katerinková |
| 520 | |a Dôvody migrácie obyvateľstva a migračné toky. Spoločná európska migračná politika. Dôležitosť a prínos harmonizovaných štatistických údajov. Harmonizácia migračnej štatistiky v podmienkach krajín Európskeho spoločenstva a v národných podmienkach. | ||
| 610 | 2 | 0 | |a Európske spoločenstvá |
| 610 | 2 | 0 | |a pohyb obyvateľstva |
| 610 | 2 | 0 | |a pohyb síl pracovných medzinárodný |
| 610 | 2 | 0 | |a Slovensko |
| 610 | 2 | 0 | |a štatistika demografická |
| 610 | 2 | 0 | |a štatistika obyvateľstva |
| 610 | 2 | 0 | |a harmonizácia |
| 610 | 2 | 0 | |a migrácia |
| 100 | 1 | |a Katerinková, Mária | |